000
00198nam a2200085Ia 4500
008
120527s9999 xx 000 0 und d
100
_a
Willkin, A. Mcearchern
245
_a
Micro Economics
942
_c
BK
999
_c
26920
_d
26920